000
00327nam a2200133Ia 4500
008
190216s9999||||xx |||||||||||||| ||und||
100
_a
"Dr.H.C.Mehrotra ,dr.s.p.goyal"
245
0
_a
Income Tax Law And Practice
250
_a
25th Ed.
260
_b
Sahithya Bhavan
_c
2005
300
_a
1130
650
_a
Commerce
942
_c
BK
999
_c
8275
_d
8275